| 000 | 00449 a2200181 4500 | ||
|---|---|---|---|
| 001 | 129870 | ||
| 022 | _a1679-656X | ||
| 040 | _cLeonardo Da Vinci | ||
| 041 | _aInglês | ||
| 082 |
_aSAM 2010 _b2010 |
||
| 245 | _aScientific American 277 | ||
| 260 |
_bSciam _cAgo. 1997 _aNew York |
||
| 300 | _a76 | ||
| 362 | _a20100310 | ||
| 490 |
_aScientific American _v277 |
||
| 697 |
_aPerfil _aDNA _aCiência _aTecnologia _aArqueologia _aGhemat |
||
| 942 | _cCR | ||
| 999 |
_c129870 _d129870 |
||